000
00280nam a22000977a 4500
999
_c
11658
_d
11658
008
191119b ||||| |||| 00| 0 eng d
020
_a
9789332421745
100
_a
Mohan Vivek
_9
7360
245
_a
Akbar-Birbal (A Collection of Witty Tales)
260
_a
New Delhi
_b
Paperclip Books
_c
2019